Language Quiz

Random Language Quiz

Lección Cinco Vacaciones Quiz Stats

 Plays Quiz not verified by Sporcle

Score 0/42 Timer 10:00
0 Plays Today
% Correct
Ciudadela
80.8%
Guia
76.9%
Aeropuerto
69.2%
Sector urbano
65.4%
la agencias de viajes
61.5%
Estación de autobuses
46.2%
Del metro
46.2%
Viajero
42.3%
ahora mismo
38.5%
pasaporte
34.6%
Acampar
34.6%
pasaje
34.6%
reservación
26.9%
hacer las maletas
23.1%
excursión
23.1%
hacer turismo
19.2%
ir en autobús
19.2%
hacer un viaje
15.4%
Ir a la playa
15.4%
pescar
15.4%
En auto
15.4%
% Correct
En avión
15.4%
En barco
15.4%
en taxi
15.4%
montar a caballo
15.4%
Sacar fotos
15.4%
alojamiento
11.5%
Botones
7.7%
Cama
7.7%
Empleado
7.7%
habitación
7.7%
Hotel
7.7%
Penión
0%
Huésped
0%
llave
0%
Cabaña
0%
Mar
0%
Salida
0%
ascensor
0%
todavia
0%
campo
0%
equipaje
0%

You're not logged in!

Compare scores with friends on all Sporcle quizzes.
OR
Log In

You Might Also Like...

Show Comments

Extras

Created Feb 25, 2017ReportNominate
Tags:cinco

Top Quizzes Today


Score Distribution

Your Account Isn't Verified!

In order to create a playlist on Sporcle, you need to verify the email address you used during registration. Go to your Sporcle Settings to finish the process.

Report this User

Report this user for behavior that violates our Community Guidelines.

Details: